Základy psychologie

Salvato in:
Dettagli Bibliografici
Autore principale: Vágnerová, Marie
Natura: Libro
Lingua:ceco
Pubblicazione: Praha Univerzita Karlova v Praze. Nakladatelství Karolinum 2005
Soggetti:
Tags: Aggiungi Tag
Nessun Tag, puoi essere il primo ad aggiungerne!!

MARC

LEADER 00000nam$a2200000$$$4500
001 0045958
005 20221207101418.2
020 |a 80-246-0841-3 
041 0 |a cze 
044 |a CZ 
245 1 0 |a Základy psychologie  |c Marie Vágnerová 
264 1 |a Praha  |b Univerzita Karlova v Praze. Nakladatelství Karolinum  |c 2005 
300 |a 356 s. 
610 2 0 |a osobnosť 
610 2 0 |a inteligencia emocionálna 
610 2 0 |a sebapoznanie 
610 2 0 |a motivácia 
610 2 0 |a socializácia 
610 2 0 |a skupiny sociálne 
610 2 0 |a správanie 
100 1 |a Vágnerová, Marie